Southville International School and Colleges
Your cart is empty.
  • Cart
  • Lists
    Public lists Eva Luna New books Lux_list list_1
    Your lists Log in to create your own lists
  • Log in to your account
  • Your cookies
  • Search history
Southville International School and Colleges
  • Advanced search
  • Recent comments
  • Most popular
  • Libraries

Log in to your account

Log in with GOOGLE


If you do not have an external account, but do have a local account, you can still log in:

  1. Home
  2. MARC view: A brief history of time :
Normal view MARC view ISBD view

A brief history of time : (Record no. 2161)

[ view plain ]
MARC details
000 -LEADER
fixed length control field 01402cam a22003374a 4500
001 - CONTROL NUMBER
control field 12404655
003 - CONTROL NUMBER IDENTIFIER
control field OSt
005 - DATE AND TIME OF LATEST TRANSACTION
control field 20151203100912.0
008 - FIXED-LENGTH DATA ELEMENTS--GENERAL INFORMATION
fixed length control field 010510s2001 nyua 001 0 eng
010 ## - LIBRARY OF CONGRESS CONTROL NUMBER
LC control number 2001035757
020 ## - INTERNATIONAL STANDARD BOOK NUMBER
International Standard Book Number 9780307291172
040 ## - CATALOGING SOURCE
Original cataloging agency DLC
Transcribing agency DLC
Modifying agency DLC
042 ## - AUTHENTICATION CODE
Authentication code pcc
050 00 - LIBRARY OF CONGRESS CALL NUMBER
Classification number QC 174.12
Item number .H392 1996
082 00 - DEWEY DECIMAL CLASSIFICATION NUMBER
Classification number IB 523.1
Item number H31 1996
100 1# - MAIN ENTRY--PERSONAL NAME
Personal name Hawking, S. W.
Fuller form of name (Stephen W.)
245 14 - TITLE STATEMENT
Title A brief history of time :
Statement of responsibility, etc Stephen Hawking
Remainder of title the universe in a nutshell
250 ## - EDITION STATEMENT
Edition statement Updated and expanded edition
260 ## - PUBLICATION, DISTRIBUTION, ETC. (IMPRINT)
Place of publication, distribution, etc New York :
Name of publisher, distributor, etc Bantam Books,
Date of publication, distribution, etc c2001.
300 ## - PHYSICAL DESCRIPTION
Extent viii, 216 pages. ;
Other physical details ill. (some col.) ;
Dimensions 26 cm.
500 ## - GENERAL NOTE
General note Includes index.
562 ## - COPY AND VERSION IDENTIFICATION NOTE
Number of copies for circulation. 1 copy available in the collection
650 #0 - SUBJECT ADDED ENTRY--TOPICAL TERM
Topical term or geographic name as entry element Quantum theory.
856 42 - ELECTRONIC LOCATION AND ACCESS
Materials specified Contributor biographical information
Uniform Resource Identifier <a href="http://www.loc.gov/catdir/bios/random053/2001035757.html">http://www.loc.gov/catdir/bios/random053/2001035757.html</a>
856 41 - ELECTRONIC LOCATION AND ACCESS
Materials specified Sample text
Uniform Resource Identifier <a href="http://www.loc.gov/catdir/samples/random042/2001035757.html">http://www.loc.gov/catdir/samples/random042/2001035757.html</a>
856 42 - ELECTRONIC LOCATION AND ACCESS
Materials specified Publisher description
Uniform Resource Identifier <a href="http://www.loc.gov/catdir/description/random046/2001035757.html">http://www.loc.gov/catdir/description/random046/2001035757.html</a>
906 ## - LOCAL DATA ELEMENT F, LDF (RLIN)
a 7
b cbc
c orignew
d 1
e ocip
f 20
g y-gencatlg
942 ## - ADDED ENTRY ELEMENTS (KOHA)
Source of classification or shelving scheme Library of Congress Classification
Koha item type Books
Holdings
Withdrawn status Lost status Source of classification or shelving scheme Damaged status Home library Current library Shelving location Date acquired Total Checkouts Full call number Barcode Date last seen Copy number Price effective from Koha item type
    Library of Congress Classification   Luxembourg Library Luxembourg Library International Baccalaureate Section 03/07/2013   QC 174.12 .H392 1996 16755 08/13/2013 1 10/03/2013 Books

A brief history of time :

APA

Hawking S. W., . (2001). A brief history of time. New York: Bantam Books.

Chicago

Hawking S W, . 2001. A brief history of time. New York: Bantam Books.

Harvard

Hawking S. W., . (2001). A brief history of time. New York: Bantam Books.

MLA

Hawking S W, . A brief history of time. New York: Bantam Books. 2001.

  • Place hold
  • Print
  • Cite
  • Add to your cart (remove)
  • Save record
    BIBTEX Dublin Core MARCXML MARC (non-Unicode/MARC-8) MARC (Unicode/UTF-8) MARC (Unicode/UTF-8, Standard) MODS (XML) RIS
  • More searches
    Search for this title in:
    Other Libraries (WorldCat) Other Databases (Google Scholar) Online Stores (Bookfinder.com) Open Library (openlibrary.org)

Exporting to Dublin Core...

SOUTHVILLE LIBRARY

Southville International School and Colleges Library

1281 Tropical Ave. Cor. Luxembourg St., BF Homes International, Las Pinas City

Tel. No. 8256374 / 252358 Loc. 117/146

Powered by Koha